|
|
|
|
| LEADER |
00000nab a2200000 a 4500 |
| 001 |
vtls008874927 |
| 003 |
SK-MaSNL |
| 005 |
20260304140731.0 |
| 008 |
250505c2005 xo 0 slo |
| 015 |
|
|
|a SNBCL2005/5
|
| 035 |
|
|
|a SLK036446
|
| 035 |
|
|
|a (urnnbn)urn:nbn:sk:snk:ar-006ma2
|
| 035 |
|
|
|a (uuid)87b47ccb-5b1e-49f3-9c85-518a43e15e2a
|
| 035 |
|
|
|a urn:nbn:sk:snk-ab86h1
|
| 040 |
|
|
|a SNKBUCL
|b slo
|c SNKBUCL
|e AACR2
|
| 041 |
0 |
|
|a cze
|b cze
|b eng
|
| 044 |
|
|
|a xo
|c SK
|
| 080 |
|
|
|a 616.33-089.848
|2 1981
|
| 100 |
1 |
|
|a Fried, Martin
|u Klinické centrum ISCARE - Lighthouse
|4 aut
|9 1243804
|
| 245 |
1 |
0 |
|a Bariatrická chirurgie historie a současnost - III. díl
|c Martin Fried
|
| 246 |
1 |
0 |
|a Bariatric surgery - history and present - part III.
|
| 246 |
1 |
1 |
|a Bariatric surgery - history and present - part III.
|
| 300 |
|
|
|b Grafy, obr.
|
| 504 |
|
|
|a Res. čes.
|
| 504 |
|
|
|a Bibliogr. odkazy
|
| 650 |
0 |
7 |
|a bariatrická chirurgia
|2 snkbucl
|9 560221
|
| 650 |
0 |
7 |
|a miniinvazívna chirurgia
|2 snkbucl
|9 79417
|
| 650 |
0 |
7 |
|a obväzy
|2 snkbucl
|9 20998
|
| 650 |
0 |
7 |
|a tráviaci systém
|2 snkbucl
|9 1046675
|
| 650 |
0 |
7 |
|a obezita
|2 snkbucl
|9 2527
|
| 650 |
0 |
7 |
|a robotika
|2 MESH
|9 15115
|
| 773 |
0 |
|
|t Miniinvazívna chirurgia a endoskopia
|g Roč. 9, č. 4 (2005), s. 5-10
|x 1336-6572
|
| 850 |
|
|
|a Slovenská národná knižnica
|
| 852 |
|
|
|a Slovenská národná knižnica
|
| 958 |
|
|
|a article9
|
| 958 |
|
|
|a OND
|
| 958 |
|
|
|a EUIPO
|
| 999 |
|
|
|c 2916331
|d 2918261
|